Loading...
| Science - Physics | 0 | 8 | 1 | 3 | 75 | 47 | 83.63 | 2 | 4 | 0.00 | 0.00 |
| Science - Chemistry | 0 | 8 | 2 | 2 | 70 | 47 | 91.63 | 0 | 3 | 0.00 | 0.00 |
| Science - Biology | 0 | 5 | 3 | 0 | 35 | 65 | 89.00 | 0 | 1 | 0.00 | 0.00 |
| Science - Other | 0 | 7 | 8 | 0 | 30 | 18 | 55.43 | 3 | 5 | 0.00 | 0.00 |
| Other Academic | 0 | 2 | 0 | 0 | 20 | 80 | 98.50 | 0 | 2 | 0.00 | 0.00 |
| Fine Arts - Classical Music | 0 | 2 | 1 | 0 | 15 | 88 | 91.50 | 1 | 1 | 0.00 | 0.00 |
| Any History | 0 | 1 | 0 | 0 | 10 | 116 | 116.00 | 0 | 0 | 0.00 | 0.00 |
| Literature - British | 0 | 1 | 0 | 0 | 10 | 117 | 117.00 | 0 | 0 | 0.00 | 0.00 |
| Social Science | 0 | 1 | 1 | 0 | 5 | 93 | 93.00 | 0 | 0 | 0.00 | 0.00 |
| Philosophy | 0 | 1 | 1 | 0 | 5 | 99 | 99.00 | 1 | 1 | 0.00 | 0.00 |
| Mythology | 0 | 0 | 1 | 0 | -5 | 0.00 | 0 | 0 | 0.00 | 0.00 |